Address of the General Assembly of the Presbyterian Church in the Confederate States of America, to all the churches of Jesus Christ throughout the Earth : adopted unanimously at the organization of the General Assembly in Augusta, Ga., December, 1861.

Bibliographic Details
Corporate Author: Presbyterian Church in the Confederate States of America. General Assembly
Format: Microform Book
Language:English
Published: [Augusta, Ga.] : [Published by order of the Assembly], [1861]
Series:Confederate imprints, 1861-1865 ; reel 130, no. 4475.
Subjects:

MARC

Tag First Indicator Second Indicator Subfields
LEADER 00000cam a2200000 a 4500
001 in00001192139
005 20151002065045.0
007 hd afv---baca
008 910802s1861 gau a 000 0 eng d
035 |a (OCoLC)24168756 
035 |9 AGJ9886AM 
040 |a FEI  |c FEI  |d UtOrBLW 
043 |a n-usu--  |a n-us--- 
049 |a TXAI 
090 |a E487  |b .C66 1974 reel 130 no. 4475 
099 |a Film   |a  B 1664  |a reel 130, no. 4475. 
110 2 |a Presbyterian Church in the Confederate States of America.  |b General Assembly. 
245 1 0 |a Address of the General Assembly of the Presbyterian Church in the Confederate States of America, to all the churches of Jesus Christ throughout the Earth :  |b adopted unanimously at the organization of the General Assembly in Augusta, Ga., December, 1861. 
264 1 |a [Augusta, Ga.] :  |b [Published by order of the Assembly],  |c [1861] 
300 |a 17 pages ;  |c 22 cm. 
336 |a text  |b txt  |2 rdacontent 
337 |a microform  |b h  |2 rdamedia 
338 |a microfilm reel  |b hd  |2 rdacarrier 
500 |a "Published by order of the Assembly." 
500 |a Filmed from the holdings of the Boston Athenaeum. 
533 |a Microfilm.  |b New Haven, Conn. :  |c Research Publications,  |d [1974].  |e On reel 130 of 143 microfilm reels ; 35 mm.  |f (Confederate imprints, 1861-1865 ; reel 130, no. 4475). 
539 |a s  |b 1974  |d ctu  |e n 
500 |a Microform. 
610 2 0 |a Presbyterian Church in the Confederate States of America. 
651 0 |a Confederate States of America  |x Religion. 
651 0 |a United States  |x History  |y Civil War, 1861-1865  |x Religious aspects. 
830 0 |a Confederate imprints, 1861-1865 ;  |v reel 130, no. 4475. 
999 |a MARS 
999 f f |s 39a29415-e6a6-3d8e-b1b0-756405962bf8  |i 6580c790-8ffc-3f61-bc3a-5812ac6d26c8  |t 0 
952 f f |p default  |a Texas A&M University  |b College Station  |c Sterling C. Evans Library  |d Evans: Microforms (3rd floor)  |t 0  |e Film B 1664 reel 130, no. 4475.  |h Other scheme  |i microform -- microfilm reel 
998 f f |a Film B 1664 reel 130, no. 4475.  |t 0  |l Evans: Microforms (3rd floor)